| 000 | 00857cam a2200277u 4500 | ||
|---|---|---|---|
| 999 |
_c19584 _d19584 |
||
| 001 | 9756115 | ||
| 003 | BDDh-ASL | ||
| 005 | 20231015025805.0 | ||
| 008 | 830325s1947 nyu 000 0 eng | ||
| 010 | _a 48000593 | ||
| 040 |
_aDLC _cCarP _dBDDh-ASL |
||
| 043 | _ae-uk--- | ||
| 050 | 0 | 0 |
_aBR115.E3 _bT3 1947 |
| 082 |
_a200 _bTAR |
||
| 100 | 1 |
_aTawney, R. H. _q(Richard Henry), _d1880-1962. |
|
| 245 | 1 | 0 |
_aReligion and the rise of capitalism : _ba historical study / |
| 260 |
_aNew York: _bPenguin Books, _c1947. |
||
| 300 |
_a280 p. : _c18 cm. |
||
| 650 | 0 |
_aReligious thought _xHistory. |
|
| 650 | 0 |
_aChristianity _xEconomic aspects _xHistory. |
|
| 650 | 0 | _aCapitalism. | |
| 651 | 0 |
_aGreat Britain _xSocial conditions. |
|
| 811 | 2 |
_aHolland memorial lectures, _d1922. |
|
| 906 |
_a0 _bcbc _cpremunv _du _encip _f19 _gy-gencatlg |
||
| 942 |
_2ddc _cBK |
||